Crítica a la ciencia económica (Registro nro. 4963)
[ vista simple ]
| 000 -LEADER | |
|---|---|
| fixed length control field | 01106 a2200265 4500 |
| 001 - CONTROL NUMBER | |
| control field | 50121 |
| 005 - DATE AND TIME OF LATEST TRANSACTION | |
| control field | 20260407155801.0 |
| 008 - FIXED-LENGTH DATA ELEMENTS--GENERAL INFORMATION | |
| fixed length control field | 260407a1972 arg spa d |
| 003 - CONTROL NUMBER IDENTIFIER | |
| control field | AR-UNSa-BCEJYS |
| 040 ## - CATALOGING SOURCE | |
| Original cataloging agency | AR-UNSa-BCEJYS |
| Language of cataloging | spa |
| Transcribing agency | AR-UNSa-BCEJYS |
| 080 ## - UNIVERSAL DECIMAL CLASSIFICATION NUMBER | |
| Universal Decimal Classification number | 330.1 |
| Common auxiliary subdivision | Ciencia económica. Conceptos fundamentales de teoría económica. Valor. Capital. Fondos |
| 041 ## - LANGUAGE CODE | |
| Language code of text/sound track or separate title | spa |
| 100 1# - MAIN ENTRY--PERSONAL NAME | |
| Personal name | Sweezy, Paul M. |
| 245 10 - TITLE STATEMENT | |
| Title | Crítica a la ciencia económica |
| 264 #1 - PRODUCTION, PUBLICATION, DISTRIBUTION, MANUFACTURE, AND COPYRIGHT NOTICE | |
| Place of production, publication, distribution, manufacture | Buenos Aires : |
| Name of producer, publisher, distributor, manufacturer | Ediciones Periferia |
| Date of production, publication, distribution, manufacture, or copyright notice | 1972 |
| 300 ## - PHYSICAL DESCRIPTION | |
| Extent | 187 p. |
| Dimensions | 20 cm. |
| 505 ## - FORMATTED CONTENTS NOTE | |
| Formatted contents note | 1. Crítica a la economía - 2. La economía como un sistema de creencias - 3. La economía como una ciencia moral - 4.Elementos científicos e ideológicos en la teoría económica de la política gubernamental - 5. Un enfoque crítico de la enseñanza actual de la economía: bases para un nuevo curriculum. |
| 590 ## - LOCAL NOTE (RLIN) | |
| Local note | niveau_biblio:m niveau_hierar:0 |
| 700 1# - ADDED ENTRY--PERSONAL NAME | |
| Personal name | Galbraith, John Kenneth |
| 700 1# - ADDED ENTRY--PERSONAL NAME | |
| Personal name | Boulding, Kenneth E. |
| 700 1# - ADDED ENTRY--PERSONAL NAME | |
| Personal name | O`Connor, James |
| 700 1# - ADDED ENTRY--PERSONAL NAME | |
| Personal name | Edwards, Richard C. |
| 700 1# - ADDED ENTRY--PERSONAL NAME | |
| Personal name | MacEwan, Arthur |
| 942 ## - ADDED ENTRY ELEMENTS (KOHA) | |
| Koha item type | |
| Withdrawn status | Lost status | Damaged status | Not for loan | Home library | Current library | Shelving location | Date acquired | Total checkouts | Full call number | Barcode | Date last seen | Price effective from | Koha item type |
|---|---|---|---|---|---|---|---|---|---|---|---|---|---|
| Biblioteca Prof. Eusebio Cleto del Rey | Biblioteca Prof. Eusebio Cleto del Rey | 07/04/2026 | 330.1 C934 | L26108 | 07/04/2026 | 07/04/2026 | Libro | ||||||
| Biblioteca Prof. Eusebio Cleto del Rey | Biblioteca Prof. Eusebio Cleto del Rey | 07/04/2026 | 330.1 C934 | L26109 | 07/04/2026 | 07/04/2026 | Libro | ||||||
| Biblioteca Prof. Eusebio Cleto del Rey | Biblioteca Prof. Eusebio Cleto del Rey | 07/04/2026 | 330.1 C934 | L26110 | 07/04/2026 | 07/04/2026 | Libro |